| 000 | 03870nam a2201261 i 4500 | ||
|---|---|---|---|
| 003 | PE-LiUPU | ||
| 005 | 20250813185718.0 | ||
| 008 | 230125s2022 pe d f 00010 spa | ||
| 020 | _a9786124788888 | ||
| 040 |
_apelibn _bspa _erda _cPE-LiUPU _dPE-LiUPU |
||
| 082 | 0 | 4 |
_a382.1 _223 _bS572p |
| 100 | 1 |
_aSierralta Ríos, Aníbal, _d1942-, _eautor. |
|
| 245 | 1 | 0 |
_aPatología del comercio internacional / _cAníbal Sierralta Ríos ; prólogo de Oswaldo de Rivero Barreto. |
| 264 | 3 | 1 |
_aLima : _bCIAC Ediciones : _bFondo Editorial PUCP, _c2022. |
| 300 |
_a576 páginas : _bdiagramas ; _c26 cm. |
||
| 336 |
_aTexto _2rdacontent |
||
| 337 |
_asin mediación _2rdamedia |
||
| 338 |
_avolumen _2rdacarrier |
||
| 504 | _aBibliografía: páginas 567 (sin numerar)-576. | ||
| 505 | _aCOMERCIO INTERNACIONAL Y SUS PATOLOGÍAS --Comercio internacional -- El sistema internacional del comercio -- Patologías del comercio internacional -- El Dumping -- Medidas Antidumping -- Subvenciones -- Derechos compensatorios -- Salvaguardias -- Solución de diferencias -- CASOS PRÁCTICOS -- metodología para los casos prácticos --Pisco auténtico -- Dumping ignoto -- Popelina popular -- Corpora Tresmontes -- Aceite Virgen Resbaloso -- Tubos Circulares -- Leche desnatada -- Balanza desequilibrada. | ||
| 526 | _aP202 | ||
| 526 | _aP201 | ||
| 526 | _aP163 | ||
| 526 | _aP162 | ||
| 526 | _aP161 | ||
| 526 | _aP160 | ||
| 526 | _aP148 | ||
| 526 | _aP147 | ||
| 526 | _aP146 | ||
| 526 | _aP145 | ||
| 526 | _aP144 | ||
| 526 | _aP143 | ||
| 526 | _aP142 | ||
| 526 | _aP141 | ||
| 526 | _aP140 | ||
| 526 | _aP139 | ||
| 526 | _aP138 | ||
| 526 | _aP137 | ||
| 526 | _aP136 | ||
| 526 | _aP135 | ||
| 526 | _aP134 | ||
| 526 | _aP133 | ||
| 526 | _aP129 | ||
| 526 | _aP128 | ||
| 526 | _aP127 | ||
| 526 | _aP120 | ||
| 526 | _aP119 | ||
| 526 | _aP118 | ||
| 526 | _aP116 | ||
| 526 | _aP115 | ||
| 526 | _aP114 | ||
| 526 | _aP110 | ||
| 526 | _aP109 | ||
| 526 | _aP108 | ||
| 526 | _aP104 | ||
| 526 | _aP103 | ||
| 526 | _aP102 | ||
| 526 | _aP99 | ||
| 526 | _aP98 | ||
| 526 | _aP97 | ||
| 526 | _aP96 | ||
| 526 | _aP95 | ||
| 526 | _aP93 | ||
| 526 | _aP90 | ||
| 526 | _aP89 | ||
| 526 | _aP88 | ||
| 526 | _aP83 | ||
| 526 | _aP82 | ||
| 526 | _aP62 | ||
| 526 | _aP59 | ||
| 526 | _aP58 | ||
| 526 | _aP57 | ||
| 526 | _aP51 | ||
| 526 | _aP49 | ||
| 526 | _aP48 | ||
| 526 | _aP47 | ||
| 526 | _aP29 | ||
| 526 | _aP24 | ||
| 526 | _aP20 | ||
| 526 | _aP19 | ||
| 526 | _aP17 | ||
| 526 | _aP15 | ||
| 526 | _aP14 | ||
| 526 | _aP12 | ||
| 526 | _aP10 | ||
| 526 | _aP09 | ||
| 526 | _aP08 | ||
| 526 | _aP07 | ||
| 526 | _aP06 | ||
| 526 | _aP05 | ||
| 526 | _aP04 | ||
| 526 | _aP01 | ||
| 650 | 1 | 8 |
_aComercio internacional _xEstudio y enseñanza. |
| 650 | 2 | 8 | _aDumping (Comercio internacional) |
| 650 | 2 | 8 | _aRegulación del comercio exterior. |
| 650 | 2 | 8 | _aTratados comerciales. |
| 650 | 2 | 8 | _aSubsidios. |
| 650 | 2 | 8 |
_aComercio internacional _xAspectos legales. |
| 700 | 1 |
_aRivero, Oswaldo de, _d1936-, _eprologuista. |
|
| 710 | 0 |
_aCentro Internacional de Administración y Comercio (Lima), _eentidad editora. |
|
| 710 | 2 |
_aPontificia Universidad Católica del Perú, _eentidad editora. |
|
| 942 |
_2ddc _cBK _n0 |
||
| 999 |
_c62841 _d62840 |
||
| 980 |
_618226 _aJaime Vilcazán Jefe de Análisis Documental _81 _gALBERTO SANCHEZ Responsable de Automatización |
||